Normal view
MARC view
- TAFE
Entry Personal Name
001 - CONTROL NUMBER
- control field: 109509
003 - CONTROL NUMBER IDENTIFIER
- control field: NUST
005 - DATE AND TIME OF LATEST TRANSACTION
- control field: 20230223110649.0
008 - FIXED-LENGTH DATA ELEMENTS
- fixed length control field: 230223|| aca||aabn | a|a d
040 ## - CATALOGING SOURCE
- Original cataloging agency: NUST
- Transcribing agency: NUST
100 ## - HEADING--PERSONAL NAME
- Personal name: TAFE
670 ## - SOURCE DATA FOUND
- Source citation: Work cat.: (NUST): TAFE., BASIC BUILDING & CONSTRUCTION SKILLS /, 2016.
